Tretia cesta pre Európu z manifestu zverejneného v júni tohto roku v Londýne

Bibliographic Details
Main Authors: Blair, Tony, 1953- (Author), Schröder, Gerhard (Author)
Format: Article
Language:Slovak
ISSN:1335-468X
Subjects:

MARC

LEADER 00000nab a2200000 a 4500
001 vtls000743508
003 SK-MaSNL
005 20260302193800.0
008 180207c1999 xo 0 slo
015 |a SNBRB2001/01-01209 
035 |a CLN000095345 
040 |a SNKBUCL  |b slo  |c SNKBUCL  |e AACR2 
041 0 |a slo 
044 |a xo  |c SK 
080 |a 321.02  |2 UDC-MRF-SK2 
080 |a 321.7  |2 UDC-MRF-SK2 
080 |a 329.14  |2 UDC-MRF-SK2 
100 1 |a Blair, Tony,  |d 1953-  |4 aut  |9 222567 
245 1 0 |a Tretia cesta pre Európu  |b z manifestu zverejneného v júni tohto roku v Londýne  |c Tony Blair, Gerhard Schröder 
650 0 7 |a tretia cesta (politológia)  |x manifesty  |x výňatky  |2 snkbucl  |9 912971 
650 0 7 |a strany politické ľavicové  |2 snkbucl  |9 845963 
650 0 7 |a sociálna demokracia  |x smerovanie  |2 snkbucl  |9 19816 
655 7 |a články z novín a časopisov  |2 snkbucl  |9 267496 
700 1 |a Schröder, Gerhard  |4 aut  |9 769444 
773 0 |x 1335-468X  |t Slovo. Politicko-spoločenský týždenník  |g Roč. 1, č. 21 (1999), s. 11 
850 |a Slovenská národná knižnica v Martine 
852 |a SNK  |b KIS3GCP 
958 |a RBX 
999 |c 1445918  |d 1447848